Score 0/15 Timer 02:00
0 Plays Today
Hugh Grant Movie Missing Word % Correct
Four ________ and a FuneralWeddings
96.2%
_____ and SensibilitySense
95%
Notting ____Hill
94.8%
_______ Jones's DiaryBridget
94.2%
____ ActuallyLove
93.1%
Two ______ NoticeWeeks
85.1%
About a ___Boy
75.1%
The Remains of the ___Day
70%
Hugh Grant Movie Missing Word % Correct
The Englishman Who Went Up a Hill But Came Down a _______Mountain
56.7%
Nine ______Months
48.2%
______ Blue EyesMickey
47.4%
Did You Hear About the _______Morgans
30.8%
________ DreamzAmerican
26.5%
An Awfully Big _________Adventure
13.5%
Rowing with the ____Wind
5.6%

Today's Daily Dose

Remove Ads.
Support Sporcle.
Get the best of Sporcle when you Go Orange. This ad-free experience offers more features, more stats, and more fun while also helping to support Sporcle. Thank you for becoming a member.

You're not logged in!

Compare scores with friends on all Sporcle quizzes.
OR
Log In

Show Comments

Extras

Top Quizzes Today


Score Distribution

Your Account Isn't Verified!

In order to create a playlist on Sporcle, you need to verify the email address you used during registration. Go to your Sporcle Settings to finish the process.

Report this User

Report this user for behavior that violates our Community Guidelines.

Details: